دليل مكتبات الاطفال العامة فى مصر / (Record no. 43467)
[ view plain ]
| 000 -الفاتح | |
|---|---|
| حقل البيانات ثابتة الطول | 00578nam a2200193Ia 4500 |
| 005 - وقت وتاريخ اخر تعامل مع التسجيلة | |
| رقم الضبط | 20240530103924.0 |
| 008 - عناصر البيانات ثابتة الطول - معلومات عامة | |
| حقل البيانات ثابتة الطول | 140319s9999 xx 000 0 ara d |
| 040 ## - مصدر الفهرسة | |
| وكالة الفهرسة الأصلية | GCL / |
| وكالة النسخ | GCL |
| 082 04 - رقم تصنيف ديوى العشرى | |
| رقم التصنيف | 027.625 |
| رقم المادة | م د |
| 100 1# - المدخل الرئيسى - إسم شخصى | |
| الإسم الشخصى | مركز توثيق وبحوث ادب الطفل |
| 245 10 - بيان العنوان | |
| العنوان | دليل مكتبات الاطفال العامة فى مصر / |
| بيان المسئوليه,etc | مركز توثيق وبحوث ادب الطفل |
| 300 ## - الوصف المادى | |
| التعداد | 130 |
| 490 ## - بيان السلسلة | |
| عنوان السلسلة | 100 قصة |
| رقم المجلد/ التعيين التسلسلي | 0 |
| 650 04 - المدخل الاضافى بالموضوع-مصطلح موضوعى | |
| مصطلح موضوعي | مصر |
| 650 04 - المدخل الاضافى بالموضوع-مصطلح موضوعى | |
| مصطلح موضوعي | مكتبات الاطفال |
| 650 04 - المدخل الاضافى بالموضوع-مصطلح موضوعى | |
| مصطلح موضوعي | الادلة |
| 942 ## - عناصر المدخل الإضافي( كوها) | |
| مصدر التصنيف او مخطط الترفيف | Dewey Decimal Classification |
| Koha [default] item type | كتاب |
| حالة التراجع | حالة الفقد | حالة تلف | ليس للاعارة | المكان المؤقت | الموقع الحالى | تاريخ الاكتساب | اجمالي اﻻعارات | رقم الطلب | الباركود | تاريخ اخر مشاهدة | تاريخ تفعيل السعر | نوع وعاء كوها | مصدر التصنيف او خطة الترفيف | موقع الترفيف |
|---|---|---|---|---|---|---|---|---|---|---|---|---|---|---|
| مكتبة القاهرة الكبرى | مكتبة القاهرة الكبرى | 03/26/2014 | 027.625\م د | 105224 | 03/26/2014 | 03/26/2014 | كتاب | |||||||
| مكتبة القاهرة الكبرى | مكتبة القاهرة الكبرى | 03/26/2014 | 027.625\م د | 105225 | 03/26/2014 | 03/26/2014 | كتاب | |||||||
| مكتبة القاهرة الكبرى | مكتبة القاهرة الكبرى | 04/23/2018 | 027.625 م د | 164547 | 04/23/2018 | 04/23/2018 | كتاب | ddc | القاعة الرئيسية | |||||
| مكتبة القاهرة الكبرى | مكتبة القاهرة الكبرى | 04/23/2018 | 027.625 م د | 164549 | 04/23/2018 | 04/23/2018 | كتاب | ddc | القاعة الرئيسية |

